1032 1808 1740 1462 1105 1662 1582 1961 1608 1177 1878 1656 1069 1124 1789 1360 1464 1896 1669 1353 1798 1648 1993 1423 1490 1191 1622 1018 1023 1032 1030 1634 1560 1697 1887 1003 1064 1064 1259 1657 1087 1117 1696 1401 1277 1532 1827 1802 1694 1615 1550 1265 1269 1671 1817 1278 1176 1614 1530 1592 1449 1116 1289 1662 1418 1565 1895 1581 1159 1693 1580 1881 1366 1630 1510 1704 1346 1234 1738 1620 1172 1122 1014 1231 1956 1151 1895 1293 1526 1157 1144 1996 1681 1126 1125 1575 1931 1365 1401 BCNSPRNW ULIB Ver.6.0+V

เปลี่ยนเป็นภาษาไทย

Change to English
 แสดงรายละเอียดบรรณานุกรม
  กลับหน้าหลัก

Brief Record : Get Marc (ISO 2709) : E-mail record : QR code < ปิดหน้าต่าง
LEADER : 00000nam 2200000uu 4500
001    13399110952
003     ULIB
008    110614s||||||||th 000 0 tha d
020    9747521326
050  4 AC159^bช498อ 2545
100 0  ชาติ ภิรมย์กุล
245 00 กรุงเทพฯ-ร้าย-รัก/^cชาติ ภิรมย์กุล
260    กรุงเทพฯ :^bแพรวสำนักพิมพ์,^c2545
300    พิมพ์ครั้งที่ 1
650  7 รวมเรื่อง
650  7 กรุงเทพฯ
945    ^p165^l0^i015932
945    ^p165^l0^i015931
995    ทศพร
999 ^a ใช้งานได้ทุกระบบ
รายการนี้ยังไม่มีแท็ก
คุณยังไม่ได้ล็อกอิน คุณสามารถมีกิจกรรมร่วมกับเว็บไซต์ได้ แต่ต้องล็อกอินก่อน ::
  ล็อกอิน

รายการสื่อสารสนเทศ

ลำดับที่ ประเภท เลขเรียก/บาร์โค้ด สถานที่ สถานะ
- ไม่พบข้อมูล -

รายการใกล้เคียง
    ผู้แต่ง [ชาติ ภิรมย์กุล]

    หัวเรื่อง [รวมเรื่อง]
    หัวเรื่อง [กรุงเทพฯ]

BibComment


ยังไม่เคยถูกคอมเมนท์

คอมเมนท์ทรัพยากรรายการนี้
  คอมเมนท์: กรุงเทพฯร้ายรัก ช..


 Copyright 2026. Bcnsprnw @Library